Selecting representative reserve systems in remote areas: a case study in the Nullarbor region, Australia (Registro nro. 12071)

Detalles MARC
000 -CABECERA
Campo de control 007460000a22002170004500
090 ## - CLASIFICACIÓN LOCAL
Colección AR
Consecutivo 03014
041 0# - IDIOMA
Código de idioma para texto/pista de sonido o título separado
100 1# - ASIENTO PRINCIPAL--NOMBRE PERSONAL
Nombre personal Mckenzie, N. L.
245 10 - MENCION DE TITULO
Título Selecting representative reserve systems in remote areas: a case study in the Nullarbor region, Australia
650 14 - ASIENTO SECUNDARIO DE MATERIA - TERMINO TEMATICO
Término temático o nombre geográfico como elemento de entrada Areas protegidas
650 14 - ASIENTO SECUNDARIO DE MATERIA - TERMINO TEMATICO
Término temático o nombre geográfico como elemento de entrada Selección de áreas protegidas
650 14 - ASIENTO SECUNDARIO DE MATERIA - TERMINO TEMATICO
Término temático o nombre geográfico como elemento de entrada Patrones de distribución
650 14 - ASIENTO SECUNDARIO DE MATERIA - TERMINO TEMATICO
Término temático o nombre geográfico como elemento de entrada Densidad de especies
650 14 - ASIENTO SECUNDARIO DE MATERIA - TERMINO TEMATICO
Término temático o nombre geográfico como elemento de entrada Aislamiento
651 #4 - ASIENTO SECUNDARIO DE MATERIA - NOMBRE GEOGRAFICO
-- Región de Nullarbor
-- Australia
700 1# - ASIENTO SECUNDARIO - NOMBRE PERSONAL
Nombre personal Belbin, Lee
700 1# - ASIENTO SECUNDARIO - NOMBRE PERSONAL
Nombre personal Margules, Chris R.
700 1# - ASIENTO SECUNDARIO - NOMBRE PERSONAL
Nombre personal Keighery, G. J.
773 1# - Item fuente:
Título Biological Conservation
Especificación de materiales 147
Paginas del Articulo 239-261
Lugar, editorial y fecha de publicación 1989
Información sobre la relación 50
942 ## - ELEMENTOS ADICIONALES (KOHA)
Tipo de ítem Artículo
Existencias
Withdrawn status Lost status Damaged status No para préstamo Colección Ubicación Permanente Ubicación actual Fecha de adquisición Datos de publicación Seriada Total Checkouts Número topográfico Inventario / Código de Barras Date last seen Ejemplar Price effective from Forma de adquisición Tipo de material
      No para Préstamo Hemeroteca Bogotá Bogotá 27/02/2015 Fuera de circulación   AR 03014 013512 25/03/2015 1 25/03/2015   Artículo